[Event "IBM"]
[Site "Amsterdam"]
[Date "1979.??.??"]
[Round "4"]
[White "Andersson, Ulf"]
[Black "Farago, Ivan"]
[Result "1-0"]
[WhiteElo "2560"]
[BlackElo "2510"]

1.c4 Nf6 2.Nf3 e6 3.d4 d5 4.g3 Be7 5.Bg2 O-O 6.O-O Nbd7 7.Qc2 c6 8.b3 b5
9.c5 Ne4 10.Nbd2 f5 11.Bb2 Qc7 12.b4 a5 13.a3 Ba6 14.Nb3 a4 15.Nc1 Rae8 16.Nd3 Ng5
17.Nfe5 Nxe5 18.dxe5 Bc8 19.h4 Nf7 20.Qc3 Kh8 21.Kh2 Nh6 22.Bh3 g5 23.hxg5 Bxg5
24.Bc1 Qg7 25.Bxg5 Qxg5 26.Qd4 Rg8 27.Rh1 Ref8 28.Nf4 Nf7 29.Kg2 Qg7 30.Nd3 f4
31.Qxf4 Ng5 32.Qh4 Ne4 33.Bg4 Rf7 34.Bf3 Nd2 35.Rh3 Nc4 36.Qd4 Bd7 37.Qc3 Qg5
38.Rah1 Rgg7 39.Rh5 Qd2 40.Qxd2 Nxd2 41.Rh6 Nc4 42.Bh5 Re7 43.Ra1 Rg8 44.g4 Kg7
45.g5 Kh8 46.f4 Be8 47.Bxe8 Rexe8 48.Rf6 Rg6 49.Kg3 Kg7 50.Ne1 Nd2 51.Nf3 Nb3
52.Rh1 d4 53.Rh6 d3 54.exd3 Rd8 55.Rxe6 Rxd3 56.Rd6  1-0

[Event "IBM"]
[Site "Amsterdam"]
[Date "1979.??.??"]
[Round "5"]
[White "Smejkal, Jan"]
[Black "Byrne, Robert E"]
[Result "1/2-1/2"]
[WhiteElo "2560"]
[BlackElo "2535"]

1.c4 e6 2.Nf3 Nf6 3.g3 d5 4.d4 Be7 5.Bg2 O-O 6.O-O dxc4 7.Ne5 Nc6 8.Nxc6 bxc6
9.Bxc6 Rb8 10.Nc3 Bb7 11.Bb5 Bd5 12.b3 cxb3 13.axb3 Ba8 14.Bc4 c5 15.Bf4 Rc8
16.dxc5 Bxc5 17.Qxd8 Rfxd8 18.Ra2 h6 19.Na4 Nd7 20.Ba6 Rc6 21.Bb5 Rcc8 22.Ba6 Rc6
23.Bb5 Rcc8 24.Ba6  1/2-1/2

[Event "IBM"]
[Site "Amsterdam"]
[Date "1979.??.??"]
[Round "10"]
[White "Sosonko, Gennadi"]
[Black "Stean, Michael"]
[Result "1/2-1/2"]
[WhiteElo "2535"]
[BlackElo "2540"]

1.d4 e6 2.c4 Nf6 3.g3 d5 4.Bg2 Be7 5.Nf3 O-O 6.O-O dxc4 7.Qc2 a6 8.Qxc4 b5
9.Qc2 Bb7 10.Bd2 Be4 11.Qc1 Qc8 12.a4 Nc6 13.Nc3 Bxf3 14.Bxf3 Nxd4 15.Bxa8 Qxa8
16.axb5 Nb3 17.Qc2 Nxa1 18.Rxa1 a5 19.Nb1 Qd5 20.Rxa5  1/2-1/2

[Event "IBM"]
[Site "Amsterdam"]
[Date "1979.??.??"]
[Round "12"]
[White "Smejkal, Jan"]
[Black "Lein, Anatoly"]
[Result "1-0"]
[WhiteElo "2560"]
[BlackElo "2535"]

1.c4 e6 2.g3 Nf6 3.Bg2 d5 4.d4 Be7 5.Nf3 O-O 6.O-O dxc4 7.Qc2 a6 8.Qxc4 b5
9.Qc2 Bb7 10.Bd2 Be4 11.Qc1 Qc8 12.a4 Nbd7 13.Nc3 Bc6 14.Bg5 Bd6 15.Nxb5 Qb7
16.Nxd6 cxd6 17.b4 Be4 18.Qa3 Nd5 19.Bd2 N5b6 20.Rfc1 d5 21.Be1 Nc4 22.Qb3 Rab8
23.Bf1 Qb6 24.Ng5 Bg6 25.e3 Qb7 26.Nf3 h6 27.Nd2 Ndb6 28.Nf3 Nd7 29.Qd1 Rfc8
30.Nd2 Nxd2 31.Bxd2 Nb6 32.Rc5 Nc4 33.Be1 Qd7 34.Qb3 Rc7 35.Rc1 Rcb7 36.Bg2 Nd6
37.Rc6 Ra7 38.Bf1 Nc4 39.Rc5 Kh7 40.Be2 Qe7 41.f3 f6 42.Bxc4 dxc4 43.Qxc4 e5
44.Rc7 Rxc7 45.Qxc7 Qxc7 46.Rxc7 exd4 47.exd4 Be8 48.b5 axb5 49.a5 b4 50.a6 b3
51.a7 Ra8 52.Bc3 Kg6 53.d5 Bf7 54.d6 Bd5 55.Kf2 Rd8 56.d7 Kf7 57.Rc5 Bb7
58.Rb5 Bc6 59.Rb6 Bd5 60.Rb8 Ke7 61.Ke3 Kxd7 62.f4 Rc8 63.Kd4 Ba8 64.f5 h5
65.Bb4 b2 66.Bc5 Re8 67.Rxb2 Re4+ 68.Kd3 Re5 69.Rb8 Bh1 70.Bd4 Rxf5 71.a8=Q Bxa8
72.Rxa8 Ke7 73.Ke4 Rg5 74.Ra7+ Kf8 75.Be3 Re5+ 76.Kf4 Kg8 77.Rc7 Ra5 78.Rc5 Ra4+
79.Kf3 h4 80.g4 Ra2 81.g5 fxg5 82.h3 Rh2 83.Kg4 Rg2+ 84.Kh5 g4 85.hxg4 Kf7
86.Rc7+  1-0

[Event "DSV-Turnier"]
[Site "Berlin-Ost"]
[Date "1979.??.??"]
[Round "?"]
[White "Csom, Istvan"]
[Black "Plachetka, Jan"]
[Result "1-0"]
[WhiteElo "2510"]
[BlackElo "2445"]

1.d4 Nf6 2.c4 e6 3.g3 d5 4.Nf3 Be7 5.Bg2 O-O 6.O-O dxc4 7.Qa4 a6 8.Qxc4 b5
9.Qc2 Bb7 10.Bf4 Bd6 11.Nbd2 Nbd7 12.a4 Qb8 13.Ne5 Bxg2 14.Kxg2 c5 15.Ndf3 Bxe5
16.Bxe5 Nxe5 17.dxe5 Nd7 18.axb5 axb5 19.Rxa8 Qxa8 20.Rd1 Nxe5 21.Qxc5 Nxf3
22.exf3 Qb7 23.Rd6 Rb8 24.Rc6 h6 25.Qd6 b4 26.Rc7 Qb5 27.Qf4 Rf8 28.b3 Qb6
29.Rd7 Qb5 30.Qc7 g6 31.Qb7 Rb8 32.Rd8+  1-0

[Event "JUG-34ch"]
[Site "Bjelovar"]
[Date "1979.??.??"]
[Round "1"]
[White "Vukic, Milan"]
[Black "Cebalo, Miso"]
[Result "1-0"]
[WhiteElo "2485"]
[BlackElo "2450"]

1.d4 Nf6 2.c4 e6 3.Nf3 d5 4.g3 Be7 5.Bg2 O-O 6.O-O dxc4 7.Qc2 a6 8.a4 Bd7
9.Qxc4 Bc6 10.Bf4 Nd5 11.Nc3 Nxf4 12.gxf4 Nd7 13.Qd3 Nf6 14.Rfd1 Qd6 15.e3 Rfd8
16.h3 Rac8 17.Qc2 Qb4 18.Rdc1 Qa5 19.Ne5 Bxg2 20.Kxg2 c5 21.Ne4 Nxe4 22.Qxe4 Qb6
23.dxc5 Rxc5 24.Rxc5 Bxc5 25.Rc1 Be7 26.a5 Qxa5 27.Qxb7 Qd5+ 28.Qxd5 Rxd5
29.Rc8+ Rd8 30.Nc6  1-0

[Event "JUG-34ch"]
[Site "Bjelovar"]
[Date "1979.??.??"]
[Round "10"]
[White "Antunac, Goran"]
[Black "Simic, Radoslav"]
[Result "1/2-1/2"]
[WhiteElo "2455"]
[BlackElo "2420"]

1.d4 Nf6 2.c4 e6 3.Nf3 d5 4.g3 Be7 5.Bg2 O-O 6.O-O h6 7.Qc2 c5 8.cxd5 cxd4
9.Nxd4 exd5 10.Rd1 Bg4 11.h3 Bh5 12.Nc3 Nc6 13.Be3 Re8 14.Nf5 Bf8 15.Nxd5 Nxd5
16.Rxd5 Nb4 17.Rxd8 Nxc2 18.Rxa8 Rxa8 19.Rc1 Nxe3 20.Nxe3 Bxe2 21.Rc7 Rd8
22.g4 Re8 23.Nf5 Bd3 24.Bd5 Re1+ 25.Kg2 Bxf5 26.gxf5 Re7 27.Rxb7 Rxb7 28.Bxb7 Bc5
29.f4 Kf8 30.Kf3 Ke7 31.Ke4 Bd6 32.Ba6 Kf6 33.a3 g6 34.fxg6 fxg6 35.Be2 a5
36.Bd1 Kg7 37.Bg4 Kf6 38.Bc8 Kg7 39.Bg4 Kf6 40.Be2 Kg7 41.h4 h5  1/2-1/2

[Event "Bled/Portoroz"]
[Site "Bled"]
[Date "1979.??.??"]
[Round "?"]
[White "Ribli, Zoltan"]
[Black "Jelen, Iztok"]
[Result "1-0"]
[WhiteElo "2595"]
[BlackElo "2420"]

1.c4 Nf6 2.g3 e6 3.Bg2 d5 4.d4 Be7 5.Nf3 O-O 6.O-O dxc4 7.Qc2 a6 8.a4 Bd7
9.Qxc4 Bc6 10.Nbd2 Ne4 11.Qc2 Nxd2 12.Bxd2 Qd5 13.Rfd1 Qe4 14.Qc3 Rc8 15.b4 Nd7
16.Re1 Bf6 17.e3 e5 18.b5 axb5 19.axb5 Rxa1 20.bxc6 Rxe1+ 21.Nxe1 Qf5 22.cxd7 Qxd7
23.dxe5 Bxe5 24.Qxe5 Qxd2 25.Qa1 b5 26.Nf3 Qb4 27.Nd4 Qa4 28.Qb2 b4 29.Nf5  1-0

[Event "Breda m"]
[Site "Breda"]
[Date "1979.??.??"]
[Round "8"]
[White "Polugaevsky, Lev"]
[Black "Timman, Jan H"]
[Result "1-0"]
[WhiteElo "2625"]
[BlackElo "2625"]

1.c4 e6 2.g3 Nf6 3.Bg2 d5 4.d4 Be7 5.Nf3 O-O 6.O-O c5 7.cxd5 exd5 8.Nc3 Nc6
9.Bg5 cxd4 10.Nxd4 h6 11.Be3 Re8 12.Qa4 Bd7 13.Rad1 Nb4 14.Qb3 a5 15.a4 Bg4
16.Nc2 Qc7 17.Rc1 Nxc2 18.Rxc2 Rac8 19.Rfc1 Qc4 20.Qxc4 Rxc4 21.Nxd5 Rxa4
22.Nxe7+ Rxe7 23.b3 Rxe3 24.bxa4 Rb3 25.e4 Be6 26.f4 g6 27.f5 gxf5 28.exf5 Bd7
29.Rc7 b6 30.Bf1 Rb4 31.R1c4 Rb1 32.Rb7 h5 33.h3 Kg7 34.g4 hxg4 35.hxg4 Kh6
36.Kf2 Rb2+ 37.Be2 Kg5 38.Rd4 Be8 39.Ke3 Rb3+ 40.Kf2 Rb2 41.Ke1 Rb1+ 42.Bd1 Rb2
43.Re7 b5 44.axb5 Rxb5 45.Rd8 Bc6 46.Rxf7 Re5+ 47.Kd2 a4 48.Rxf6  1-0

[Event "Konex"]
[Site "Buenos Aires"]
[Date "1979.??.??"]
[Round "4"]
[White "Kortschnoj, Viktor"]
[Black "Rubinetti, Jorge A"]
[Result "1-0"]
[WhiteElo "2695"]
[BlackElo "2430"]

1.d4 Nf6 2.c4 e6 3.g3 d5 4.Bg2 Be7 5.Nf3 O-O 6.O-O Nbd7 7.Qc2 c6 8.Rd1 b6
9.b3 Bb7 10.Nc3 Rc8 11.e4 c5 12.e5 Ne4 13.Nxe4 dxe4 14.Nd2 cxd4 15.Bxe4 Bxe4
16.Qxe4 Nc5 17.Qe2 Qc7 18.Nf3 d3 19.Qe3 Rfd8 20.Bb2 Rd7 21.Rd2 Rcd8 22.Rad1 Qb7
23.Ne1 h6 24.h4 a5 25.Kh2 Qe4 26.Qxe4 Nxe4 27.Rxd3 Rxd3 28.Rxd3 Nxf2 29.Rxd8+ Bxd8
30.Bd4 Ng4+ 31.Kg2 Bc7 32.Nd3 h5 33.Kf3 Kf8 34.Ke4 Ke7 35.a3 Kd7 36.b4 axb4
37.axb4 Nh6 38.Nf4 g6 39.b5 Nf5 40.Bf2 Bd8 41.Nd3 Kc7 42.Kf4 Kc8 43.Nb4 Bc7
44.Nc6 Kd7 45.Kg5 Ne7 46.Kf6 Nxc6 47.bxc6+ Ke8 48.Be1 Bd8+ 49.Kg7 Bc7 50.Bc3 Bb8
51.Kf6 Bc7 52.Bb4 Bd8+ 53.Kg7 g5 54.hxg5 Bxg5 55.c7 Kd7 56.Kxf7 Be3 57.c8=Q+ Kxc8
58.Kxe6 Bf2 59.Kf7 Bxg3 60.e6 Bh4 61.Bc3 Bd8 62.Bf6 h4 63.Bxd8 h3 64.e7 h2
65.e8=Q h1=Q 66.Bxb6+  1-0

[Event "Konex"]
[Site "Buenos Aires"]
[Date "1979.??.??"]
[Round "6"]
[White "Kortschnoj, Viktor"]
[Black "Schweber, Samuel"]
[Result "1-0"]
[WhiteElo "2695"]
[BlackElo "2450"]

1.d4 Nf6 2.c4 e6 3.g3 d5 4.Bg2 Be7 5.Nf3 O-O 6.O-O dxc4 7.Qc2 a6 8.Qxc4 b5
9.Qc2 Bb7 10.Bg5 Be4 11.Qc1 Nbd7 12.Nc3 Bb7 13.Rd1 Rc8 14.Ne5 Bxg2 15.Kxg2 c5
16.dxc5 Rxc5 17.Nxd7 Nxd7 18.Bxe7 Qxe7 19.Qe3 Nf6 20.Rd4 Qb7+ 21.Qf3 Qxf3+
22.Kxf3 Rb8 23.Rad1 g5 24.h3 Kg7 25.Rd8 Rxd8 26.Rxd8 b4 27.Na4 Rf5+ 28.Kg2 Ne4
29.f3 Ra5 30.Nb6 Nf6 31.Rd4 Rxa2 32.Rxb4 Nd5 33.Nxd5 exd5 34.Kf2 d4 35.Ke1 a5
36.Rxd4 Rxb2 37.Rd5 Rb1+ 38.Kf2 h6 39.Rxa5 Rh1 40.Kg2 Re1 41.Ra2 Rc1 42.h4 gxh4
43.gxh4 Rc4 44.Kg3 h5 45.Ra5 Kg6 46.Rg5+ Kh6 47.e4 f6 48.Rd5 Kg6 49.Rd1 Ra4
50.Kf4 Ra3 51.Rg1+ Kf7 52.Re1 Kg6 53.e5 Ra4+ 54.Re4 fxe5+ 55.Kxe5 Ra1 56.Rd4 Ra5+
57.Ke4 Ra6 58.f4 Re6+ 59.Kf3 Ra6 60.Rd5 Ra3+ 61.Ke4 Rh3 62.f5+ Kf7 63.Ke5 Rxh4
64.Rd7+ Ke8 65.Ra7 Rb4 66.Kf6 h4 67.Ra8+ Kd7 68.Rh8 Rf4 69.Rh6 Ke8 70.Rh7 Rg4
71.Rh8+ Kd7 72.Kf7 Kd6 73.f6 Kd5 74.Ke7 Re4+ 75.Kf8 Rf4 76.f7 Ke6 77.Rh6+ Kd7
78.Rh7  1-0

[Event "URS-FL"]
[Site "Frunze"]
[Date "1979.??.??"]
[Round "13"]
[White "Razuvaev, Yuri S"]
[Black "Lputian, Smbat G"]
[Result "1-0"]
[WhiteElo "2470"]
[BlackElo "2445"]

1.d4 d5 2.c4 e6 3.Nf3 Nf6 4.g3 Be7 5.Bg2 O-O 6.O-O c6 7.Qc2 b6 8.b3 Ba6 9.Nbd2 Nbd7
10.Bb2 Rc8 11.e4 c5 12.exd5 exd5 13.Qf5 g6 14.Qh3 cxd4 15.Nxd4 Nc5 16.Rad1 h5
17.N2f3 Nce4 18.Ne5 Qe8 19.Bxe4 dxe4 20.Nf5 gxf5 21.Qxf5 Rc5 22.Qg5+ Kh7
23.Qf5+ Kg8 24.b4 Rc7 25.Qg5+ Kh7 26.Qf5+ Kg8 27.Qg5+ Kh7 28.Qf5+ Kg8 29.Rd6 Bc8
30.Qg5+ Kh7 31.Nd7 Qxd7 32.Rxd7 Bxd7 33.Bxf6 Bxf6 34.Qxf6 Rxc4 35.Qe7  1-0

[Event "Lodz"]
[Site "Lodz"]
[Date "1979.??.??"]
[Round "3"]
[White "Inkiov, Ventzislav"]
[Black "Farago, Ivan"]
[Result "1/2-1/2"]
[WhiteElo "2460"]
[BlackElo "2510"]

1.Nf3 Nf6 2.d4 e6 3.c4 d5 4.g3 Be7 5.Bg2 O-O 6.O-O Nbd7 7.Nbd2 b6 8.cxd5 exd5
9.Ne5 Bb7 10.Ndc4 c5 11.Nxd7 Qxd7 12.dxc5 bxc5 13.Na5 Ba6 14.Bg5 Rfd8 15.Nb3 Rac8
16.Qc2 h6 17.Bxf6 Bxf6 18.Rfd1 d4 19.Rac1 Qe7 20.Bf3 c4 21.Na5 d3 22.exd3 cxd3
23.Qb1 Rxc1 24.Qxc1 Rc8 25.Qf4 Bxb2 26.Nc6 Qf6 27.Qe4 Ba3 28.Kg2 Bc5 29.Ne5 Qe7
30.Qf5 Bb7 31.Rxd3 Bxf3+ 32.Rxf3 Rc7 33.Rd3 Bb6 34.Nxf7 Rc5 35.Nxh6+ gxh6
36.Qg6+ Qg7 37.Qe8+ Qf8 38.Qg6+ Qg7 39.Qe8+ Qf8 40.Qg6+ Qg7  1/2-1/2

[Event "Aaronson Masters"]
[Site "London"]
[Date "1979.??.??"]
[Round "2"]
[White "Petursson, Margeir"]
[Black "Jackson, Sheila"]
[Result "1-0"]
[WhiteElo "2420"]
[BlackElo "2095"]

1.d4 Nf6 2.c4 e6 3.g3 d5 4.Bg2 Be7 5.Nf3 O-O 6.O-O b6 7.Nc3 Bb7 8.Ne5 Nbd7
9.cxd5 exd5 10.Qa4 Nb8 11.Rd1 h6 12.Bf4 a6 13.b4 Qc8 14.Qb3 Qe6 15.Rac1 Bd6
16.a4 Rd8 17.b5 a5 18.Nd3 Nbd7 19.e3 Nf8 20.Be5 Bxe5 21.dxe5 Ne4 22.Nf4 Qxe5
23.Ncxd5 Nc5 24.Qc2 Rd7 25.e4 Nfe6 26.Ne2 Bxd5 27.exd5 Nf8 28.Nd4 Re8 29.Nc6 Qh5
30.Re1 Rxe1+ 31.Rxe1 Ng6 32.Nxa5 Qg4 33.Nc4 Rd8 34.d6 cxd6 35.Nxb6 Ne5 36.Rd1 Qb4
37.Bd5 Qa5 38.Nc4 Nxc4 39.Qxc4 Qxa4 40.Bxf7+ Kf8 41.Qd5 Qe4 42.Qh5 Qe7 43.Bd5 Qf6
44.Rd4 Ke7 45.Rf4 Qa1+ 46.Kg2 Kd7 47.Qf7+ Kc8 48.b6 Nd7 49.Qe7  1-0

[Event "Lone Pine op"]
[Site "Lone Pine"]
[Date "1979.??.??"]
[Round "5"]
[White "Odendahl, Steven M"]
[Black "Christiansen, Larry Mark"]
[Result "1/2-1/2"]
[WhiteElo "2370"]
[BlackElo "2475"]

1.d4 d5 2.c4 e6 3.Nf3 Nf6 4.g3 Be7 5.Bg2 O-O 6.O-O dxc4 7.Qc2 a6 8.Qxc4 b5
9.Qc2 Bb7 10.Bf4 Nc6 11.Nbd2 Rc8 12.Nb3 Nb4 13.Qd1 Be4 14.Bd2 Nc2 15.Rc1 Bxf3
16.Rxc2 Bxg2 17.Kxg2 e5 18.dxe5 Qd5+ 19.f3 Qxe5 20.Bf4 Qh5 21.e4 Rfd8 22.Qe2 c5
23.Rd1 Bf8 24.Rcd2 Rxd2 25.Rxd2 c4 26.Nd4 Qc5 27.Be3 Qc7 28.Nf5 b4 29.Bd4 Ne8
30.Ne3 Qa5 31.Nxc4 Qxa2 32.Nb6 Rc6 33.Rc2 Rxc2 34.Qxc2 Qe6 35.Qc4 Qh6 36.Nd7 Qd2+
37.Kh3 Qh6+ 38.Kg2 Qd2+ 39.Kh3  1/2-1/2

[Event "Lone Pine op"]
[Site "Lone Pine"]
[Date "1979.??.??"]
[Round "6"]
[White "Quinteros, Miguel A"]
[Black "Reshevsky, Samuel Herman"]
[Result "1/2-1/2"]
[WhiteElo "2545"]
[BlackElo "2485"]

1.d4 Nf6 2.c4 e6 3.g3 d5 4.Bg2 Be7 5.Nf3 O-O 6.O-O Nbd7 7.Qc2 c6 8.b3 b6
9.Bb2 Bb7 10.Nc3 Rc8 11.Rad1 b5 12.c5 b4 13.Nb1 Ba6 14.Ne1 Bb5 15.Nd3 a5
16.a4 Ba6 17.Nd2 Qc7 18.Rfe1 Rcd8 19.e3 Bxd3 20.Qxd3 e5 21.dxe5 Nxe5 22.Qc2 Nfd7
23.Bd4 f5 24.h3 Rf7 25.f4 Ng6 26.Nf3 Ngf8 27.Ne5 Nxe5 28.Bxe5 Qa7 29.Rc1 Ne6
30.Bd4 Re8 31.Kf2 g6 32.Bf3 Bf8 33.Re2  1/2-1/2

[Event "Luzern"]
[Site "Luzern"]
[Date "1979.??.??"]
[Round "?"]
[White "Huebner, Robert"]
[Black "Helmers, Knut J"]
[Result "1-0"]
[WhiteElo "2595"]
[BlackElo "2405"]

1.d4 Nf6 2.c4 e6 3.g3 d5 4.Nf3 Be7 5.Bg2 O-O 6.O-O dxc4 7.Qc2 a6 8.a4 Bd7
9.Qxc4 Bc6 10.Nc3 Nbd7 11.Re1 Nb6 12.Qb3 Nbd5 13.Bg5 h6 14.Bxf6 Nxf6 15.e4 a5
16.Rad1 Bb4 17.Ne5 Bd7 18.Nd3 Ra6 19.e5 Nd5 20.Bxd5 Bxc3 21.Bxb7 Bxe1 22.Bxa6 Bb4
23.Nxb4 Qb8 24.Bc4 axb4 25.a5 Bc6 26.d5 exd5 27.Bxd5 Bxd5 28.Rxd5 c6 29.Rc5 Re8
30.a6 Rxe5 31.Rxe5 Qxe5 32.Qxb4 Qe2 33.a7  1-0

[Event "Tilburg"]
[Site "Tilburg"]
[Date "1979.??.??"]
[Round "6"]
[White "Huebner, Robert"]
[Black "Karpov, Anatoly"]
[Result "1/2-1/2"]
[WhiteElo "2595"]
[BlackElo "2705"]

1.Nf3 d5 2.d4 Nf6 3.c4 e6 4.g3 Be7 5.Bg2 O-O 6.O-O dxc4 7.Qc2 a6 8.a4 Bd7
9.Qxc4 Bc6 10.Bg5 Bd5 11.Qd3 c5 12.Nc3 cxd4 13.Nxd5 Nxd5 14.Bxe7 Qxe7 15.Nxd4 Nc6
16.Nxc6 bxc6 17.a5 Qb7 18.Qc2 Rab8 19.Rfc1 Rfc8 20.Qc4 h6 21.e3 Qa7 22.Bf1 Nb4
23.Qf4  1/2-1/2

[Event "Tilburg"]
[Site "Tilburg"]
[Date "1979.??.??"]
[Round "9"]
[White "Romanishin, Oleg M"]
[Black "Huebner, Robert"]
[Result "1/2-1/2"]
[WhiteElo "2595"]
[BlackElo "2560"]

1.d4 d5 2.c4 e6 3.Nf3 Nf6 4.g3 Be7 5.Bg2 O-O 6.O-O dxc4 7.Qc2 a6 8.a4 Bd7
9.Rd1 Bc6 10.Nc3 Bb4 11.Bg5 Bxc3 12.bxc3 Nbd7 13.Ne5 Bxg2 14.Kxg2 b5 15.Rab1 Qe8
16.axb5 axb5 17.Nxd7 Qxd7 18.Bxf6 gxf6 19.Qe4 f5 20.Qh4 f6 21.e4 fxe4 22.Qxe4 c6
23.Qg4+ Kh8 24.Re1 Rae8 25.Re3 Rf7 26.Rbe1 Rfe7 27.Qf4 Kg7  1/2-1/2

[Event "Tirnavia-A"]
[Site "Trnava"]
[Date "1979.??.??"]
[Round "4"]
[White "Tseitlin, Mikhail S"]
[Black "Plachetka, Jan"]
[Result "1/2-1/2"]
[WhiteElo "2505"]
[BlackElo "2445"]

1.d4 d5 2.Nf3 Nf6 3.c4 e6 4.g3 Be7 5.Bg2 O-O 6.O-O dxc4 7.Qc2 a6 8.Qxc4 b5
9.Qc2 Bb7 10.Nc3 Nbd7 11.Rd1 Qc8 12.Be3 c5 13.dxc5 Bxc5 14.Bxc5 Qxc5 15.Qd2 Nb6
16.Qd4  1/2-1/2

[Event "URS Spartakiad"]
[Site "URS"]
[Date "1979.??.??"]
[Round "?"]
[White "Palatnik, Semon"]
[Black "Maiorov, Oleg"]
[Result "1/2-1/2"]
[WhiteElo "2515"]
[BlackElo "2200"]

1.d4 d5 2.c4 e6 3.Nf3 Nf6 4.g3 Be7 5.Bg2 O-O 6.O-O dxc4 7.Ne5 Nc6 8.Nxc6 bxc6
9.Na3 Bxa3 10.bxa3 Nd5 11.Qa4 Nb6 12.Qxc6 Rb8 13.Qc5 Qd6 14.Qa5 Bb7 15.Bf4 Qd7
16.e4 a6 17.Rfd1 Rfc8 18.Rab1 Bc6 19.d5 exd5 20.exd5 Nxd5 21.Rxb8 Rxb8 22.Bxd5 Rb5
23.Bxf7+ Kf8 24.Qd2 Qxd2 25.Bxd2 Kxf7 26.Rc1 Bd5 27.Bc3 Be4 28.Bb4 Bd3 29.f4 c5
30.Bc3  1/2-1/2

[Event "URS Spartakiad"]
[Site "URS"]
[Date "1979.??.??"]
[Round "?"]
[White "Litinskaya, Marta I"]
[Black "Akhmilovskaya, Elena"]
[Result "1/2-1/2"]
[WhiteElo "2265"]
[BlackElo "2295"]

1.d4 d5 2.c4 e6 3.Nf3 Nf6 4.g3 Be7 5.Bg2 O-O 6.O-O Nbd7 7.Nbd2 b6 8.Ne5 Bb7
9.Qa4 Nxe5 10.dxe5 Nd7 11.Nf3 dxc4 12.Bf4 Bd5 13.Rfd1 Qc8 14.Rxd5 exd5 15.Qc6 Nc5
16.Qxd5 Ne6 17.Qxc4 c5 18.Bd2 Rb8 19.h4 Rd8 20.Bh3 b5 21.Qg4 Qc7 22.Be3 Rd5
23.Qe4 Rbd8 24.Bf5 Nf8 25.Qg4 Rd1+ 26.Rxd1 Rxd1+ 27.Kg2 c4 28.Bh6 Ng6 29.h5 gxh6
30.e6 Bg5 31.exf7+ Kxf7 32.Bc2 Rd8 33.Qf5+ Kg7 34.Nxg5 hxg5 35.hxg6 Qc6+
36.Be4 Qxg6 37.Qe5+ Qf6 38.Qxb5 Rf8 39.f3 h6 40.Qxc4 Qxb2 41.Bd3 Qe5 42.Qc6 Rf6  1/2-1/2

[Event "URS Spartakiad"]
[Site "URS"]
[Date "1979.??.??"]
[Round "?"]
[White "Muslimova, Aida E"]
[Black "Guseva, E."]
[Result "1/2-1/2"]
[WhiteElo "2135"]
[BlackElo "2000"]

1.d4 Nf6 2.c4 e6 3.Nf3 d5 4.g3 Be7 5.Bg2 O-O 6.O-O dxc4 7.Ne5 Nc6 8.Nxc6 bxc6
9.Bxc6 Rb8 10.Bg2 Bb7 11.Nc3 Bxg2 12.Kxg2 c5 13.dxc5 Bxc5 14.Qc2 Qc8 15.Rb1 Rd8
16.Bg5 Be7 17.Rfc1 h6 18.Bf4 Bd6 19.Be3 Bc5 20.Nd1 Qb7+ 21.Kg1 Rdc8 22.Bxc5 Rxc5
23.b4 Rb5 24.a3 Ne4 25.Nc3 Nxc3 26.Qxc3 a5 27.Qxc4 axb4 28.axb4 Rxb4 29.Rxb4 Qxb4
30.Qc7 Qb7 31.Qf4 Rd8  1/2-1/2

[Event "URS Spartakiad"]
[Site "URS"]
[Date "1979.??.??"]
[Round "?"]
[White "Alieva, Elvira"]
[Black "Bandziene, Rasa"]
[Result "0-1"]
[WhiteElo "2000"]
[BlackElo "2200"]

1.d4 Nf6 2.c4 e6 3.Nf3 d5 4.g3 Be7 5.Bg2 O-O 6.O-O dxc4 7.Ne5 Nc6 8.Nxc6 bxc6
9.Bxc6 Rb8 10.Qa4 Qxd4 11.Rd1 Qb6 12.Bg2 Bc5 13.e3 Ba6 14.Nc3 Rfd8 15.Qc2 Rxd1+
16.Qxd1 Qd6 17.Qc2 Rd8 18.h3 Bb4 19.e4 Qd3 20.Qa4 Bxc3 21.Qxa6 Bd4 22.Bf4 Nxe4
23.Bxe4 Qxe4 24.Bxc7 Bxf2+ 25.Kh2 Qf3  0-1

[Event "Warszawa Cup5-A"]
[Site "Warsaw"]
[Date "1979.??.??"]
[Round "2"]
[White "Marszalek, Rafal"]
[Black "Luczak, Andrzej"]
[Result "1/2-1/2"]
[WhiteElo "2340"]
[BlackElo "2440"]

1.d4 Nf6 2.c4 e6 3.g3 d5 4.Bg2 Be7 5.Nf3 O-O 6.O-O dxc4 7.Ne5 Nc6 8.Nxc6 bxc6
9.Na3 Bxa3 10.bxa3 Rb8 11.Bxc6 Nd5 12.Qc2 Ba6 13.Rd1 Qd6 14.Bxd5 exd5 15.Qc3 Qe6
16.Be3 Rfe8 17.Rab1 Rb6 18.Rxb6 axb6 19.Bd2 Bb5 20.Re1 Bd7 21.f3 Qc6 22.Bf4 Bf5
23.Kf2 h6 24.Rc1 Qd7 25.g4 Bg6 26.Qd2  1/2-1/2

[Event "Warszawa Cup5-A"]
[Site "Warsaw"]
[Date "1979.??.??"]
[Round "9"]
[White "Barczay, Laszlo"]
[Black "Marszalek, Rafal"]
[Result "1/2-1/2"]
[WhiteElo "2470"]
[BlackElo "2340"]

1.Nf3 d5 2.c4 e6 3.d4 Nf6 4.g3 Be7 5.Bg2 O-O 6.O-O c6 7.Qc2 b6 8.Rd1 Nbd7
9.Nbd2 Bb7 10.e4 Rc8 11.e5 Ne8 12.cxd5 cxd5 13.Qb3 Ba6 14.Nf1 Nb8 15.Bd2 Qd7
16.Rdc1 Rc7 17.Ne3 Qb5 18.Qxb5 Bxb5 19.Bf1 Bxf1 20.Kxf1 Na6 21.Ke2 Rxc1 22.Rxc1 Nec7
23.a4 Rb8 24.Ne1 Kf8 25.Nd3 Ke8 26.b4 b5 27.a5 Kd7 28.f4 Rf8  1/2-1/2

[Event "Warszawa Cup5-A"]
[Site "Warsaw"]
[Date "1979.??.??"]
[Round "11"]
[White "Kuligowski, Adam"]
[Black "Luczak, Andrzej"]
[Result "1-0"]
[WhiteElo "2495"]
[BlackElo "2440"]

1.d4 Nf6 2.Nf3 e6 3.g3 d5 4.Bg2 Be7 5.c4 O-O 6.Qc2 Nbd7 7.O-O c6 8.b3 b6
9.Rd1 Ba6 10.Nbd2 Rc8 11.e4 Ne8 12.a4 Bb7 13.a5 c5 14.axb6 axb6 15.Bb2 Nd6
16.dxc5 Nxc5 17.Qc3 Bf6 18.e5 Nde4 19.Nxe4 Nxe4 20.Qe3 Be7 21.Nd4 Bc5 22.b4 Bxb4
23.Bxe4 dxe4 24.Nxe6 Qe7 25.Nxf8 Kxf8 26.Ba3 Bxa3 27.Rxa3 g6 28.Rb3 Rxc4
29.Qxb6 Bc8 30.Qf6 Qxf6 31.exf6 Ke8 32.Rb5 Ba6 33.Rb8+ Bc8 34.Kf1 h5 35.h4 Rc6
36.Ke2 Rc3 37.Rd4 Rc2+ 38.Ke3 Rc3+ 39.Kxe4 Rc6 40.Kd3 Rc7 41.Rd6  1-0

[Event "Hoogovens"]
[Site "Wijk aan Zee"]
[Date "1979.??.??"]
[Round "10"]
[White "Sosonko, Gennadi"]
[Black "Polugaevsky, Lev"]
[Result "1/2-1/2"]
[WhiteElo "2535"]
[BlackElo "2625"]

1.d4 Nf6 2.c4 e6 3.g3 d5 4.Bg2 Be7 5.Nf3 O-O 6.O-O dxc4 7.Qc2 a6 8.Qxc4 b5
9.Qc2 Bb7 10.Bg5 Nbd7 11.Nbd2 Rc8 12.Bxf6 Nxf6 13.Nb3 Be4 14.Qd2 c5 15.dxc5 Qxd2
16.Nfxd2 Bxg2 17.Kxg2 Bxc5 18.Nxc5 Rxc5 19.Rac1 Rfc8 20.Rxc5 Rxc5 21.Nb3  1/2-1/2

[Event "IBM-C"]
[Site "Amsterdam"]
[Date "1980.??.??"]
[Round "?"]
[White "Chernin, Alexander"]
[Black "Vogel, Jaap"]
[Result "1-0"]
[WhiteElo "2200"]
[BlackElo "2315"]

1.c4 Nf6 2.g3 e6 3.Bg2 d5 4.d4 Be7 5.Nf3 O-O 6.O-O b6 7.Nc3 Bb7 8.cxd5 exd5
9.Qc2 Re8 10.Rd1 Nbd7 11.Bf4 Bd6 12.Bxd6 cxd6 13.Qb3 a6 14.e3 Qe7 15.Ne1 Ne4
16.Nxd5 Bxd5 17.Qxd5 Ndf6 18.Qb3 h5 19.h3 Rac8 20.Rac1 b5 21.Rc2 Rxc2 22.Qxc2 Qe6
23.Qb3 Qf5 24.Nd3 Rc8 25.a4 g5 26.axb5 axb5 27.Kh2 g4 28.h4 Kg7 29.Kg1 Rc7
30.Nf4 b4 31.Qd3 d5 32.Ra1 Qc8 33.Rf1 Qf5 34.Rd1 Kh6 35.Qb3 Kg7 36.Bf1 Qd7
37.Bd3 Qc6  1-0

[Event "IBM"]
[Site "Amsterdam"]
[Date "1980.??.??"]
[Round "?"]
[White "Ribli, Zoltan"]
[Black "Karpov, Anatoly"]
[Result "1-0"]
[WhiteElo "2610"]
[BlackElo "2725"]

1.d4 Nf6 2.c4 e6 3.g3 d5 4.Bg2 Be7 5.Nf3 O-O 6.O-O dxc4 7.Qc2 a6 8.Qxc4 b5
9.Qc2 Bb7 10.Bf4 Nd5 11.Nc3 Nxf4 12.gxf4 Nd7 13.Rfd1 Qc8 14.Ne4 c5 15.dxc5 Nxc5
16.Nxc5 Qxc5 17.Qxc5 Bxc5 18.Rac1 Rfc8 19.Ne5 Bxg2 20.Kxg2 f6 21.Nf3 Bf8
22.e3 g6 23.b3 Bb4 24.h3 Kf8 25.Nd4 Kf7 26.a4 bxa4 27.bxa4 Bc5 28.Rc4 Ba3
29.Rxc8 Rxc8 30.Rb1 Rc4 31.Rb7+ Be7 32.Ra7 e5 33.fxe5 fxe5 34.Nf3 Rxa4 35.Nxe5+ Kf6
36.Nc6 Bc5 37.Rxh7 Ra2 38.Kf3 a5 39.h4 a4 40.Ke4 Bf8 41.Ra7 Bd6 42.f4 Rh2
43.Ra6 Kf7 44.Ne5+ Bxe5 45.Kxe5 Kg7 46.Ra7+ Kh6 47.Rxa4 Rxh4 48.Kf6 Rh5 49.e4 Rh4
50.e5 Rh5 51.e6 Rf5+ 52.Ke7 Kg7 53.Kd6 Rf8 54.Ra7+ Kf6 55.Rd7  1-0

[Event "IBM"]
[Site "Amsterdam"]
[Date "1980.??.??"]
[Round "?"]
[White "Sosonko, Gennadi"]
[Black "Karpov, Anatoly"]
[Result "1/2-1/2"]
[WhiteElo "2545"]
[BlackElo "2725"]

1.d4 Nf6 2.c4 e6 3.g3 d5 4.Bg2 Be7 5.Nf3 O-O 6.Qb3 c5 7.O-O Nc6 8.cxd5 Qxd5
9.Qxd5 Nxd5 10.dxc5 Bxc5 11.Bd2 Rd8 12.Nc3  1/2-1/2

[Event "IBM-B"]
[Site "Amsterdam"]
[Date "1980.??.??"]
[Round "?"]
[White "Ree, Hans"]
[Black "Van Wijgerden, Cornelis"]
[Result "1/2-1/2"]
[WhiteElo "2520"]
[BlackElo "2435"]

1.c4 e6 2.Nf3 d5 3.d4 Nf6 4.g3 Be7 5.Bg2 O-O 6.O-O c6 7.Qc2 Nbd7 8.b3 b5
9.c5 Ne4 10.Nbd2 f5 11.Bb2 Bf6 12.b4 a5 13.a3 a4 14.Ne1 Nxd2 15.Qxd2 e5 16.f4 e4  1/2-1/2

[Event "Berlin tt"]
[Site "Berlin-West"]
[Date "1980.??.??"]
[Round "?"]
[White "Pergericht, Daniel"]
[Black "Iannacone, Ernesto"]
[Result "1/2-1/2"]
[WhiteElo "2200"]
[BlackElo "2200"]

1.d4 Nf6 2.c4 e6 3.g3 d5 4.Bg2 Be7 5.Nf3 O-O 6.O-O c6 7.Qc2 b6 8.Rd1 Ba6
9.Nbd2 Nbd7 10.b3 c5 11.dxc5 Nxc5 12.Bb2 Rc8 13.Rac1 Qc7 14.Qb1 Qb8 15.Ng5 Ncd7
16.cxd5 Rxc1 17.Rxc1 exd5 18.Qf5 Bxe2 19.Nxh7 Bg4 20.Nxf6+ Bxf6 21.Qc2 Bxb2
22.Qxb2 Nf6 23.h3 Bh5 24.Nf3 Bxf3 25.Bxf3 Rc8 26.Rd1 Qd6 27.Rd2  1/2-1/2